Human resource management in the hospitality industry

Αποθηκεύτηκε σε:
Λεπτομέρειες βιβλιογραφικής εγγραφής
Κύριος συγγραφέας: Boella, M. J. (Michael John)
Μορφή: Βιβλίο
Γλώσσα:English
Δημοσίευση: Cheltenham : Stanley Thornes Ltd, 1996
Έκδοση:6th ed.
Θέματα:
Ετικέτες: Προσθήκη ετικέτας
Δεν υπάρχουν, Καταχωρήστε ετικέτα πρώτοι!

MARC

LEADER 00000nam a2200000 i 4500
001 1/56683
008 980507s1996 eng d
020 |a 0748722564 
035 |l 10028064 
040 |a GR-MY-UA  |b gre  |e aacr 
041 0 |a eng 
082 0 |a 647.94068 
100 1 |a Boella, M. J.  |q (Michael John) 
245 1 0 |a Human resource management in the hospitality industry /  |c M. J. Boella 
250 |a 6th ed. 
260 |a Cheltenham :   |b Stanley Thornes Ltd,   |c 1996 
300 |a 336 σ. 
504 |a Περιλαμβάνει ευρετήριο 
650 0 0 |a Hospitality industry  |x Management. 
852 |a INST  |b CHIOS  |e 19980507  |h 647.94068 BOE  |p 005200016574  |q 005200016574  |t BK  |y 4  |x 20200214 
901 |a BIBL2-1998-2 
909 |a Χ  |b 055138 
922 |a 2ΕΛΗ  |b 199803  |c ΤΔΕ  |d ΠΑΠΑΣΩΤΗΡΙΟΥ